|
|
|
|
| LEADER |
02640nas a2200553 a 4500 |
| 001 |
c000155465 |
| 003 |
CARM |
| 005 |
20080430091435.0 |
| 008 |
770311c19579999nyumr1p 0 a0eng d |
| 010 |
|
|
|a 54023061 //r822
|z sc 79002729
|
| 019 |
1 |
|
|a 891716
|5 LACONCORD2021
|
| 022 |
0 |
|
|a 0012-8430
|
| 035 |
|
|
|a (OCoLC)1567224
|5 LACONCORD2021
|
| 040 |
|
|
|a ANL
|c VCAV
|
| 042 |
|
|
|a nsdp
|a lc
|
| 043 |
|
|
|a ee-----
|a e-ur---
|
| 050 |
|
0 |
|a DR1
|b .N363
|
| 082 |
0 |
4 |
|a 914.7
|
| 130 |
0 |
|
|a East Europe (New York, N.Y.)
|
| 210 |
0 |
|
|a East Eur.
|
| 222 |
|
0 |
|a East Europe
|
| 245 |
0 |
0 |
|a East Europe.
|
| 260 |
|
|
|a New York, N.Y. :
|b Free Europe Press, Free Europe Committee,
|c 1957-.
|
| 300 |
|
|
|a v. :
|b ill. ;
|c 28 cm.
|
| 362 |
0 |
|
|a Vol. 6, no. 1 (Jan. 1957)-
|
| 510 |
0 |
|
|a Public affairs information service
|
| 510 |
2 |
|
|a Historical abstracts. Part A. Modern history abstracts
|x 0363-2717
|b 1963-1975
|
| 510 |
2 |
|
|a Historical abstracts. Part B. Twentieth century abstracts
|x 0363-2725
|b 1963-1975
|
| 510 |
2 |
|
|a America, history and life
|x 0002-7065
|b 1963-1975
|
| 515 |
|
|
|a Suspended Feb.-Oct. 1970.
|
| 550 |
|
|
|a Vols. for 1966-Jan. 1970 issued by Free Europe; Nov. 1970-1973 by Robert Speller & Sons; 1974- by East Europe Pub. Co.
|
| 651 |
|
0 |
|a Europe, Eastern
|x Politics and government
|y 1945-
|v Periodicals.
|
| 651 |
|
0 |
|a Soviet Union
|x Foreign relations
|y 1945-1991
|v Periodicals.
|
| 710 |
2 |
|
|a Free Europe.
|
| 710 |
2 |
|
|a Free Europe Committee.
|
| 780 |
0 |
0 |
|t News from behind the Iron Curtain
|
| 852 |
8 |
|
|b CARM
|h A2:AE23C2
|i D01884
|p 0096131
|f SE
|
| 852 |
8 |
|
|b CARM
|h A2:AE23C3
|i D01885
|p 0096133
|f SE
|
| 852 |
8 |
|
|b CARM
|h A2:AE23C4
|i D01886
|p 0096134
|f SE
|
| 852 |
8 |
|
|b CARM
|h A1:AQ16E0
|i F03761
|p 0491250
|f SE
|
| 852 |
8 |
|
|b CARM
|h A1:AQ16E0
|i F03761
|p 0491251
|f SE
|
| 866 |
|
0 |
|a 6:1(1957:01)-20:12(1971:12)
|
| 866 |
|
0 |
|a 6:1(1957:01)-20:12(1971:12)
|
| 999 |
f |
f |
|i 0eec6305-32ae-566d-b014-16d48f5e4265
|s 42dfffa4-d67b-59ec-bf50-62981c354f54
|
| 952 |
f |
f |
|p Can circulate
|a CAVAL
|b CAVAL
|c CAVAL
|d CARM 1 Store
|e D01886
|f A2:AE23C4
|h Other scheme
|i book
|k 15:1(1966:01)-18:11/12(1969:11/12)
|m 0096134
|
| 952 |
f |
f |
|p Can circulate
|a CAVAL
|b CAVAL
|c CAVAL
|d CARM 1 Store
|e F03761
|f A1:AQ16E0
|h Other scheme
|i book
|k 19:1(1970:01)-19:2(1970:11)
|m 0491250
|
| 952 |
f |
f |
|p Can circulate
|a CAVAL
|b CAVAL
|c CAVAL
|d CARM 1 Store
|e D01885
|f A2:AE23C3
|h Other scheme
|i book
|k 9:1(1960:01)-14:12(1965:12)
|m 0096133
|
| 952 |
f |
f |
|p Can circulate
|a CAVAL
|b CAVAL
|c CAVAL
|d CARM 1 Store
|e F03761
|f A1:AQ16E0
|h Other scheme
|i book
|k 20:1(1971:01)-20:12(1971:12)
|m 0491251
|
| 952 |
f |
f |
|p Can circulate
|a CAVAL
|b CAVAL
|c CAVAL
|d CARM 1 Store
|e D01884
|f A2:AE23C2
|h Other scheme
|i book
|k 6:1(1957:01)-8:12(1959:12)
|m 0096131
|